[Event "Ontario op"]
[Site "Ottawa"]
[Date "2009.05.18"]
[Round "6"]
[White "Mallon, Christopher"]
[Black "Wilker, Marcus"]
[Result "0-1"]
[WhiteElo "1759"]
[BlackElo "1820"]
[PlyCount "70"]
[EventDate "2009.05.16"]
[EventType "swiss"]
[EventRounds "6"]
[EventCountry "CAN"]
[SourceTitle "EXT 2011"]
[Source "ChessBase"]
[SourceDate "2010.11.26"]
[SourceVersion "1"]
[SourceVersionDate "2010.11.26"]
[SourceQuality "1"]

1. e4 c6 2. d4 d5 3. e5 c5 4. c3 Nc6 5. Nf3 Bg4 6. Bb5 e6 7. 0-0 Nge7 8. h3 Bxf3 9. Qxf3 cxd4 10. cxd4 Qb6 11. Qd3 Nf5 12. Bxc6+ bxc6 13. Rd1 c5 14. dxc5 Bxc5 15. Rf1 Bd4 16. g4 Ne7 17. Nc3 Bxe5 18. Rb1 0-0 19. Ne2 Nc6 20. Be3 d4 21. Bf4 Bxf4 22. Nxf4 e5 23. Nh5 Nb4 24. Qf5 g6 25. Nf6+ Kg7 26. Nh5+ Kh8 27. Qxe5+ f6 28. Qe7 gxh5 29. Rbc1 Nd5 30. Qd7 Rad8 31. Qf5 hxg4 32. hxg4 Rg8 33. Rfd1 Rg5 34. Qe4 f5 35. Qe5+ Qf6 0-1